000 00460nam a2200133Ia 4500
008 170516s9999 xx 000 0 und d
245 _a2-O-Acyl-3-O-(1-acyloxyalkyl) Prodrugs of 5,6-Isopropylidene-l-Ascorbic Acid and l-Ascorbic Acid: Antioxidant Activity and Ability to Permeate Silicone Membranes
260 _bPharmaceutics
260 _c2016
300 _a8:3
500 _aSeptember
650 _xPharmacy
856 _uhttp://www.mdpi.com/1999-4923/8/3
999 _c330934
_d330934